A-Z Dutch Geography - Statistics

General Stats
  • This quiz has been taken 2,606 times
    2,414 since last reset
  • The average score is 15 of 23
Answer Stats
Letter Hint Answer % Correct
A Capital and largest city Amsterdam
100%
B Country along the southern border Belgium
97%
O Dutch national color Orange
93%
H Region consisting of two provinces that is often mistaken for the country's name Holland
91%
R This European river empties into the North Sea via the Netherlands Rhine
86%
C Caribbean island that is part of the Kingdom of the Netherlands Curacao
84%
T Country with the most immigrants to the Netherlands Turkey
83%
U The name of both a province and the 4th largest city Utrecht
82%
Z Southwestern island province Zeeland
79%
D Helps control flooding Dike
71%
E This town is the namesake for a famous Dutch cheese Edam
69%
M Capital of the above Maastricht
64%
S The country's largest airport Schiphol
62%
L Southernmost province Limburg
59%
F Ethnolinguistic group of the northern Netherlands Frisians
55%
P Land reclaimed from below sea level Polder
55%
G The province home to Arnhem, Apeldoorn, and Winterswijk Gelderland
51%
I Largest lake in Western Europe IJsselmeer
47%
N Oldest established city in the country Nijmegen
47%
K World's largest public garden, famous for its many tulips Keukenhof
38%
J Well-known Amsterdam neighborhood where the Anne Frank House is located Jordaan
37%
V Region of forested hills that is home to 2 national parks Veluwe
37%
W Archipelago along the northern coast Wadden Islands
34%
No matching quizzes found
Score Distribution
Percent of People with Each Score
Percentile by Number Answered
Your Score History
You have not taken this quiz since the last reset